[Event "COL-ch U16 Girls"]
[Site "Medellin"]
[Date "2025.04.24"]
[Round "1"]
[White "Ospina Soto, Sara Lucia"]
[Black "Nieto Rengifo, Paz"]
[Result "1-0"]
[WhiteElo "1503"]
[BlackElo "1422"]
[PlyCount "95"]
[EventDate "2025.04.24"]
[EventType "swiss"]
[EventRounds "7"]
[EventCountry "COL"]
[SourceTitle "CB18_2025"]
[SourceDate "2025.04.30"]
[SourceVersion "1"]
[SourceVersionDate "2025.04.30"]
[SourceQuality "1"]

1. d4 d5 2. c4 c6 3. Nc3 Nf6 4. Nf3 Bf5 5. cxd5 Nxd5 6. Qb3 Nb6 7. e4 Be6 8. Qd1 g6 9. g3 Bg7 10. Bg2 N8d7 11. 0-0 Nf6 12. Rb1 h6 13. Qc2 0-0 14. Rd1 Rc8 15. Qe2 Ne8 16. b3 Nc7 17. Be3 Qd7 18. Qd2 g5 19. h4 f6 20. d5 cxd5 21. Bxb6 axb6 22. exd5 Bf5 23. Rbc1 Rfd8 24. Qe3 Qd6 25. Nd4 Bd7 26. Re1 Bf8 27. hxg5 hxg5 28. Qe4 Be8 29. Bh3 Ra8 30. Bg2 Ra5 31. Nf5 Qd7 32. Ne3 Bf7 33. Rcd1 Qd6 34. Bf3 b5 35. Kg2 Qc5 36. Rh1 Bg7 37. b4 Qxc3 38. bxa5 Qxa5 39. Qxe7 Re8 40. Qd7 Na6 41. Qxb7 Qxa2 42. Nf5 Rb8 43. Qc6 Nb4 44. Qd6 Nc2 45. Qxb8+ Bf8 46. Rh8+ Kxh8 47. Qxf8+ Bg8 48. Qg7# 1-0